| 000 | 00000nam 2200000zi 4500 |
| 001 | 9.880126 |
| 003 | CaOODSP |
| 005 | 20230616093551 |
| 006 | m o d f |
| 007 | cr cn||||||||| |
| 008 | 191003s2019 onc ob f000 0 eng d |
| 040 | |aCaOODSP|beng|erda|cCaOODSP |
| 043 | |an-cn--- |
| 086 | 1 |aRv55-8/3-4-2-2019E-PDF |
| 245 | 00|aHighway pre-arrival and reporting requirements. |
| 264 | 1|aOttawa : |bCanada Border Services Agency = Agence des services frontaliers du Canada, |c2019. |
| 300 | |a1 online resource (28 unnumbered pages). |
| 336 | |atext|btxt|2rdacontent |
| 337 | |acomputer|bc|2rdamedia |
| 338 | |aonline resource|bcr|2rdacarrier |
| 490 | 1 |aMemorandum, |x2369-2391 ; |vD3-4-2 |
| 500 | |aIssued also in French under title: Exigences relatives à la transmission des données préalable à l'arrivée et à la déclaration dans le mode routier. |
| 500 | |aCaption title. |
| 500 | |a"Ottawa, September 12, 2019." |
| 500 | |a"Superseded Memorandum D, D3-4-2 dated May 25, 2017." |
| 500 | |aIssued also in HTML format. |
| 504 | |aIncludes bibliographical references. |
| 520 | |a"This memorandum outlines and explains specific Canada Border Services Agency (CBSA) requirements and procedures for reporting and control of cargo arriving in Canada in the services of highway carriers"--In brief. |
| 692 | 07|2gccst|aRoad transport |
| 710 | 2 |aCanada Border Services Agency. |
| 775 | 08|tExigences relatives à la transmission des données préalable à l'arrivée et à la déclaration dans le mode routier.|w(CaOODSP)9.880128 |
| 794 | |tHighway pre-arrival and reporting requirements.|b(September 21, 2022)|w(CaOODSP)9.923961 |
| 795 | |tHighway pre-arrival and reporting requirements |b(May 25, 2017)|w(CaOODSP)9.837739 |
| 830 | #0|aMemorandum (Canada Border Services Agency)|vD3-4-2.|w(CaOODSP)9.816825 |
| 856 | 40|qPDF|s922 KB|uhttps://publications.gc.ca/collections/collection_2019/asfc-cbsa/Rv55-8-3-4-2-2019-eng.pdf |
| 856 | 4 |qHTML|sN/A|uhttps://www.cbsa-asfc.gc.ca/publications/dm-md/d3/d3-4-2-eng.html |